00509nam a22001577a 4500003000500000005001700005008004100022010001000063011001000073035001000083040000900093100001800102245012100120500008600241650002400327CHAP20220329140257.0971013s r 00010 d a49629 a50601 a54751 cCHAP00aFavret, E. A. aGenetic effects of single and combined treatment of ionizing radiations and ethyl methanesul phonate on barley seeds aSobretiro de: Proc. 1 Internatl. Barley Genetics Sym. Wageningen, 1963. pp. 68-8114aCebadaxGenética.